000 00717nam a2200241Ia 4500
003 OSt
005 20221006164122.0
006 a|||||r|||| 00| 0
007 ta
008 221006b |||||||| |||| 00| 0 hin d
024 _a7,458
037 _cDissertations
040 _aFML
_cFML
_bhin
041 _2hin
_ahin
100 _aKhamaj Thaat Ke Prachalit Raag Au.
_9676640
110 _aDelhi University. Faculty of Music and Fine Arts. Department of Music
245 0 _aManohar Gopal
260 _c2000
300 _a73
_ccm.
700 _aDelhi University. Faculty of Music and Fine Arts. Department of Music
942 _cDIS
_2CC
999 _c1116271
_d1116271